Star Trek Races Quiz Stats

 Plays Quiz Updated Feb 25, 2019

Score 0/22 Timer 07:00
2 Plays Today
Notable Character Race % Correct
Captain KirkHuman
96.8%
WorfKlingon
92.8%
TuvokVulcan
89%
Seven of Nine*Borg
83%
QuarkFerengi
71.1%
Gul DukatCardassian
63.5%
VreenakRomulan
60.7%
Deanna Troi*Betazoid
58.7%
OdoChangeling
52.4%
Kira NerysBajoran
49.4%
Jadzia DaxTrill
43.9%
Notable Character Race % Correct
Ambassador ShranAndorian
30.1%
Amanda RogersQ Continuum
29.7%
KesOcampa
28.4%
NeelixTalaxian
27.9%
GuinanEl-Aurian
16.4%
CulluhKazon
15.8%
GorBreen
13.7%
SilikSuliban
11.6%
LoskeneTholian
8.3%
DonikHirogen
7.5%
HudakAntaran
4.2%

You're not logged in!

Compare scores with friends on all Sporcle quizzes.
OR
Log In

Sporcle TV

Today on Sporcle TV


Watch our educational content, quiz creation guides, and fun videos on Sporcle TV.

Show Comments

Extras

Top Quizzes Today


Score Distribution

Your Account Isn't Verified!

In order to create a playlist on Sporcle, you need to verify the email address you used during registration. Go to your Sporcle Settings to finish the process.

Report this User

Report this user for behavior that violates our Community Guidelines.

Details: